[Event "WGM Cvijet Mediterana 2019"]
[Site "Rijeka"]
[Date "2019.03.07"]
[Round "7.3"]
[White "Rakhmangulova, Anastasiya"]
[Black "Hrescak, Ivana"]
[Result "0-1"]
[WhiteElo "2235"]
[BlackElo "2128"]
[Annotator "TA"]
[PlyCount "104"]
[EventDate "2019.03.03"]
[EventType "tourn"]
[EventCountry "CRO"]
[SourceTitle "playchess.com"]
[Source "ChessBase"]
[SourceQuality "1"]

{[%evp 10,104,10,8,10,5,26,18,28,32,27,43,42,40,56,54,44,0,2,2,14,-15,14,0,20,0,0,0,0,0,6,-4,-4,-27,-25,-21,-24,-31,-27,-79,-20,-43,-31,-85,-3,-247,-248,-237,-225,-250,-260,-420,-416,-713,-697,-686,-686,-638,-255,-1011,-950,-1297,-1297,-1029,-697,-694,-680,-700,-709,-664,-663,-701,-686,-713,-672,-745,-704,-783,-782,-772,-772,-754,-746,-1051,-1018,-1031,-1018,-970,-933,-4702,-1059,-29972,-29971,-29987,-29984,-29987,-1022]} 1. Nf3 Nf6 2. b3 g6 3. Bb2 Bg7 4. c4 d6 5. d4 O-O 6. g3 Nfd7 {E60: King's Indian: Unusual lines and Fianchetto Variation without Nc3} (6... Nbd7 7. Bg2 c6 8. O-O Re8 9. Nc3 e5 10. e4 exd4 11. Nxd4 Nc5 12. Re1 Ng4 13. h3 Ne5 14. Re3 Qb6 15. Nc2 a5 16. Bf1 Be6 17. Rb1 a4 18. b4 Ncd7 19. Na3 Qxb4 20. Bc1 {½-½ (41) Caruana,F (2816)-Grischuk,A (2766) Paris 2018}) 7. Bg2 e5 8. O-O e4 {The position is equal.} 9. Ne1 f5 10. Nc3 Nc6 $146 ({Predecessor:} 10... Nf6 11. d5 Nbd7 12. Nc2 Ne5 13. f3 exf3 14. exf3 {1-0 (36) Flohr,S-Kasparian,G Yerevan 1954}) 11. Nc2 Nf6 12. f3 Re8 13. e3 exf3 14. Bxf3 Nb8 {[%cal Bc6b8,Bb8d7,Bd7f6,Bf6e4][%mdl 32]} 15. Qd3 Nbd7 16. Rae1 c6 17. e4 Nxe4 18. Nxe4 fxe4 19. Rxe4 Rxe4 20. Qxe4 {aiming for Qe6+.} Nf6 21. Qh4 d5 22. cxd5 cxd5 23. g4 Be6 24. Re1 (24. Ne3 $11 {remains equal.}) 24... Qd7 ({Better is} 24... Bf7 $17) 25. g5 Ne4 26. Nb4 (26. Bxe4 $15 dxe4 27. Qxe4) 26... Bf5 {[#]} (26... Rc8 $17 27. Bg2 Qd8) 27. Kg2 $2 (27. Nxd5 $1 $11 {[%mdl 512]} Qxd5 28. Bxe4 Bxe4 29. Qxe4 (29. Rxe4 Qa5 $11) 29... Qxg5+ 30. Kh1) 27... Re8 $19 28. Nd3 Qd8 29. Bg4 Rf8 {[%cal Be8f8,Bf8f7,Bf7f5][%mdl 32]} 30. Ba3 $2 (30. Rf1 Qa5 31. Bxf5 Qd2+ 32. Kg1 Qe3+ 33. Kh1 Qxd3 34. Be6+ {[%mdl 64] Double Attack} Kh8 35. Rxf8+ Bxf8 36. Qe1 Qf3+ 37. Kg1) 30... Rf7 31. Ne5 (31. Rf1 $142 Qa5 32. Bxf5 Rxf5 33. Rxf5 gxf5 34. Bc5 Qxa2+ {[%mdl 64] Double Attack} 35. Kg1 Qb1+ 36. Ne1) 31... Bxe5 $1 32. dxe5 {Threatens to win with e6.} Bxg4 33. Qxg4 {and the idea Rf1 leaves White hopeful.} Rf5 $2 (33... Qa5 34. Qc8+ Kg7) 34. h4 $2 (34. Bc1) 34... Qa5 {[%mdl 64] [#] Double Attack} 35. Qd1 Rf2+ {[%mdl 64] Double Attack} 36. Kg1 Rd2 {( -> ...Qb6+)} 37. Qc1 {Intending Qc8+ and mate.} Qb6+ 38. Bc5 Qxc5+ 39. Qxc5 Nxc5 {[%mdl 4096] Endgame KRN-KR} 40. Rc1 b6 41. b4 Ne6 42. Rc8+ Kf7 43. Rh8 Nf8 {Hoping for ...Kg7.} 44. e6+ Nxe6 {Strongly threatening ...Nf8.} 45. Rxh7+ Ng7 46. Rh8 Rxa2 47. Rd8 Nf5 48. Rxd5 Nxh4 49. Kf1 Ke6 50. Rd3 Kf5 {Black mates.} 51. Rd5+ Kg4 52. b5 Nf5 {Accuracy: White = 27%, Black = 62%.} (52... Nf3 $142 53. Rd3 Kg3 54. Rd2 Nxd2+ 55. Ke2 Kf4 56. Kd3 Nb1 57. Kc4 Rb2 58. Kd5 Rxb5+ 59. Kc6 Rxg5 60. Kd7 a5 61. Kd6 a4 62. Ke6 a3 63. Ke7 Rc5 64. Kf7 a2 65. Ke8 a1=Q 66. Ke7 Qg7+ 67. Kd6 Ke4 68. Ke6 Rc6#) 0-1

[Event "WGM Cvijet Mediterana 2019"]
[Site "Rijeka"]
[Date "2019.03.07"]
[Round "7.4"]
[White "Djukic, Sandra"]
[Black "Medic, Mirjana"]
[Result "1/2-1/2"]
[WhiteElo "2157"]
[BlackElo "2207"]
[Annotator "NA"]
[PlyCount "26"]
[EventDate "2019.03.03"]
[EventType "tourn"]
[EventCountry "CRO"]
[SourceTitle "playchess.com"]
[Source "ChessBase"]
[SourceQuality "1"]
[TimeControl "5400+30"]

{[%evp 9,24,33,32767,32767,33,27,30,33,32767,29,32767,0,32767,32767,32767,32767,5]} 1. d4 {[%emt 0:00:30]} e6 {[%emt 0:00:30]} 2. c4 {[%emt 0:00:00]} f5 {[%emt 0:00:00]} 3. g3 {[%emt 0:00:00]} Nf6 {[%emt 0:00:00]} 4. Bg2 {[%emt 0:00:00]} d5 {[%emt 0:00:30]} 5. Nh3 {[%emt 0:01:00]} c6 {[%emt 0:00:00]} 6. Nd2 {[%emt 0:00:30]} Bd6 {[%emt 0:02:00]} 7. Qc2 {[%emt 0:03:30]} O-O {[%emt 0:00:30]} 8. O-O {[%emt 0:00:30]} b6 {[%emt 0:04:30]} 9. Nf3 {[%emt 0:01:30] LiveBook: 68 Games} Ne4 {[%emt 0:00:30]} 10. Nf4 {[%emt 0:02:30]} Qe7 {[%emt 0:01:30]} 11. b3 {[%emt 0:06:30]} Bb7 {[%emt 0:00:30]} 12. Bb2 {[%emt 0:06:30]} Nd7 $11 {[%emt 0:05:30]} 13. Nd3 {[%emt 0:09:30]} Rac8 {[%emt 0:16:30]} 1/2-1/2

[Event "WGM Cvijet Mediterana 2019"]
[Site "Rijeka"]
[Date "2019.03.07"]
[Round "7.5"]
[White "Tomilova, Elena"]
[Black "Babiy, Olga"]
[Result "0-1"]
[WhiteElo "2300"]
[BlackElo "2305"]
[Annotator "TA"]
[PlyCount "146"]
[EventDate "2019.03.03"]
[EventType "tourn"]
[EventCountry "CRO"]
[SourceTitle "playchess.com"]
[Source "ChessBase"]
[SourceQuality "1"]

{[%evp 20,146,29,25,45,38,37,29,82,69,69,62,62,62,68,70,65,87,74,16,42,19,134,139,143,127,134,91,102,95,98,66,114,120,180,182,181,165,201,188,218,213,223,0,141,141,133,0,129,0,231,221,225,212,275,216,205,116,108,111,101,74,186,141,146,54,358,371,459,455,425,436,395,329,483,375,439,435,465,407,460,415,352,112,101,54,62,10,9,9,11,14,14,0,0,0,0,0,0,0,0,0,0,0,8,-8,-8,-8,-8,-503,-467,-29964,-29970,-29966,-29967,-29976,-29976,-29979,-29980,-29980,-29981,-29981,-29982,-29982,-29983,-29983,-29983,-29983,-29984]} 1. e4 c5 2. Nf3 e6 3. d4 cxd4 4. Nxd4 Nc6 5. Nc3 Qc7 6. Be3 a6 7. a3 b5 8. Nxc6 dxc6 {B48: Sicilian: Taimanov: 5 Nc3 Qc7 6 Be3 a6 without Be2} (8... Qxc6 9. Bd3 Bb7 10. O-O Nf6 11. Re1 Rc8 12. Qf3 Bd6 13. Bd4 Qc7 14. Bxf6 gxf6 15. Qh5 Be5 16. Nd1 Ke7 17. c3 Rcg8 18. Ne3 Rg5 19. Qh3 {0-1 (47) Carlsen,M (2837)-Ding,L (2774) Saint Louis 2017}) 9. Qg4 Nf6 10. Qg3 Qxg3 11. hxg3 {LiveBook: 3 Games} Bb7 12. f3 $146 ({Predecessor:} 12. e5 Nd5 13. Nxd5 cxd5 14. Bd4 Rc8 15. Bd3 Bc5 16. c3 Bxd4 17. cxd4 {½-½ (49) Fakhrutdinov,T (2290)-Erenberg,A (2308) Batumi 2014}) 12... Nd7 13. Be2 c5 (13... Bc5 $11 14. Bxc5 Nxc5) 14. Kf2 Be7 15. a4 b4 16. Nb1 Bf6 17. Ra2 Ke7 18. Nd2 Bd4 19. Nc4 (19. Nb3 $16) 19... a5 20. Rd1 e5 {[#]} (20... Bxe3+ $11 21. Kxe3 Rhc8) 21. c3 $1 $16 {[%cal Rc3d4][%mdl 512]} Bxe3+ (21... bxc3 22. bxc3) 22. Nxe3 Rhd8 23. Nf5+ Kf8 24. Nd6 Bc6 25. cxb4 axb4 26. b3 g6 (26... Nb6 $16) 27. Nc4 $18 Ke7 28. Rad2 h5 29. Rd6 Rdc8 30. Ke3 Rc7 31. Kf2 $2 (31. f4 $18) 31... Raa7 (31... Rcc8 $1 $11 {keeps the balance.}) 32. Ne3 Nf6 33. Nc4 Nd7 $1 34. Ke3 (34. R1d2 $16) 34... Ra8 $1 35. f4 exf4+ 36. gxf4 Nf6 37. Bf3 Ne8 38. R6d2 (38. Rxc6 $18 Rxc6 39. e5) 38... Ng7 $16 39. Ne5 Be8 40. f5 Ra6 (40... gxf5 $16 41. exf5 Ra6) 41. g4 $36 {[%mdl 2048] Keeping Black busy.} hxg4 42. Bxg4 ({Better is} 42. Be2 $16 c4 43. fxg6 (43. Bxc4 Ra5 $16) (43. Nxg4 gxf5 44. exf5 Nxf5+ 45. Kf4 Ng7 $14) (43. Bxg4 cxb3 44. Kf4 gxf5 $17)) 42... Kf6 $2 {[%mdl 8192]} (42... gxf5 $14 43. exf5 c4) 43. Be2 $18 gxf5 {Black wants to play ...Re6.} 44. Bxa6 Kxe5 45. Rd5+ Kf6 46. Rf1 Bd7 (46... c4 {was necessary.} 47. Bxc4 Bxa4) 47. Rc1 Ra7 48. Bb5 f4+ 49. Kf3 Bxb5 50. axb5 {[%mdl 4096] Endgame KRR-KRN} Ne6 51. Rd6 $2 (51. Rcxc5 $18 {has better winning chances.} Nxc5 52. Rxc5) 51... Ke7 $16 52. Ra6 Rb7 53. b6 (53. Rd1 $14 Rxb5 54. Ra7+ Kf6 55. Rd5) 53... Kd6 $11 54. Rd1+ Nd4+ 55. Kxf4 Kc6 56. Rh1 Kb5 57. Ra7 Rxb6 58. Rxf7 Nxb3 59. e5 Nd4 60. Rf6 Rb8 61. e6 b3 62. e7 {Re1 is the strong threat.} Re8 63. Re1 {Threatens to win with Rf8.} Nc6 64. Ree6 $2 {[%mdl 8192]} (64. Rf8 $1 $11 {and White is okay.} Rxe7 65. Rxe7 Nxe7 66. Ke3) 64... Nxe7 $19 {aiming for ...Nd5+.} 65. Kf3 {[#]} (65. Rd6 $19 Kc4 66. Kg4) 65... Nd5 $1 {[%cal Rd5f6] Black mates.} 66. Rxe8 Nxf6 {KR-KN} 67. Rb8+ Kc4 68. Ke2 Kc3 69. Rd8 c4 70. Ke3 b2 71. Rd1 {[#]} Nd5+ $1 {[%mdl 512]} 72. Ke2 (72. Rxd5 b1=Q) 72... Nf4+ 73. Ke3 Nd3 {Precision: White = 55%, Black = 60%.} 0-1

[Event "WGM Cvijet Mediterana 2019"]
[Site "Rijeka"]
[Date "2019.03.08"]
[Round "8.2"]
[White "Medic, Mirjana"]
[Black "Tomilova, Elena"]
[Result "0-1"]
[WhiteElo "2207"]
[BlackElo "2300"]
[Annotator "RC"]
[PlyCount "60"]
[EventDate "2019.03.03"]
[EventType "tourn"]
[EventCountry "CRO"]
[SourceTitle "playchess.com"]
[Source "ChessBase"]
[SourceQuality "1"]
[TimeControl "5400+30"]

1. d4 {[%emt 0:00:30]} d5 {[%emt 0:00:30]} 2. Nf3 {[%emt 0:00:30]} Nf6 {[%emt 0:00:00]} 3. e3 {[%emt 0:00:30]} c6 {[%emt 0:01:00]} 4. Bd3 {[%emt 0:00:30]} Bg4 {[%emt 0:00:00]} 5. Nbd2 {[%emt 0:01:30]} Nbd7 {[%emt 0:01:00]} 6. h3 {[%emt 0:05:30]} Bh5 {[%emt 0:00:30]} 7. c4 {[%emt 0:10:30]} e6 {[%emt 0:00:30]} 8. Qc2 {[%emt 0:02:30]} Bd6 {[%emt 0:02:30]} 9. O-O {[%emt 0:05:30]} O-O {[%emt 0:01:30]} 10. e4 {[%emt 0:00:30]} dxe4 {[%emt 0:02:30]} 11. Nxe4 {[%emt 0:00:30]} Nxe4 {[%emt 0:01:30]} 12. Bxe4 {[%emt 0:00:00]} f5 {[%emt 0:00:30]} 13. Bg5 {[%emt 0:04:00]} Qe8 {[%emt 0:01:30]} 14. c5 {[%emt 0:09:30]} Bc7 {[%emt 0:07:30]} 15. Nd2 {[%emt 0:09:30]} fxe4 {[%emt 0:00:30]} 16. Nxe4 {[%emt 0:00:30]} Bg6 {[%emt 0:01:30]} 17. Rae1 {[%emt 0:00:30]} h6 {[%emt 0:03:30]} 18. Bh4 {[%emt 0:01:30]} Bxe4 {[%emt 0:06:30]} 19. Rxe4 {[%emt 0:00:30]} Nf6 {[%emt 0:00:30]} 20. Bxf6 {[%emt 0:00:30]} Rxf6 {[%emt 0:00:30]} 21. Qb3 {[%emt 0:00:30]} Qf7 {[%emt 0:02:30]} 22. f3 {[%emt 0:01:30]} Rd8 {[%emt 0:01:30]} 23. Rfe1 {[%emt 0:00:30]} Rd5 {[%emt 0:02:30]} 24. Qa4 {[%emt 0:01:30]} a6 {[%emt 0:01:30]} 25. Qb3 {[%emt 0:00:00]} Rg6 {[%emt 0:04:30]} 26. R1e2 {[%emt 0:01:00]} Kh8 {[%emt 0:04:30]} 27. Kf1 {[%emt 0:00:00]} Bg3 {[%emt 0:01:30]} 28. R2e3 {[%emt 0:01:00]} Qd7 {[%emt 0:03:30]} 29. Qd3 {[%emt 0:01:30]} Rf6 {[%emt 0:01:30]} 30. Qc4 {[%emt 0:00:30]} e5 {[%emt 0:01:30]} 0-1

[Event "WGM Cvijet Mediterana 2019"]
[Site "Rijeka"]
[Date "2019.03.08"]
[Round "8.3"]
[White "Hrescak, Ivana"]
[Black "Djukic, Sandra"]
[Result "1/2-1/2"]
[WhiteElo "2128"]
[BlackElo "2157"]
[Annotator "RC"]
[PlyCount "114"]
[EventDate "2019.03.03"]
[EventType "tourn"]
[EventCountry "CRO"]
[SourceTitle "playchess.com"]
[Source "ChessBase"]
[SourceQuality "1"]
[TimeControl "5400+30"]

1. d4 {[%emt 0:00:30]} Nf6 {[%emt 0:00:30]} 2. c4 {[%emt 0:00:00]} e6 {[%emt 0:00:00]} 3. Nc3 {[%emt 0:00:00]} Bb4 {[%emt 0:00:00]} 4. e3 {[%emt 0:00:00]} O-O {[%emt 0:00:00]} 5. Nge2 {[%emt 0:00:00]} Re8 {[%emt 0:00:00]} 6. a3 {[%emt 0:00:00]} Bf8 {[%emt 0:00:30]} 7. d5 {[%emt 0:00:00]} a5 {[%emt 0:00:30]} 8. g3 {[%emt 0:00:30]} Na6 {[%emt 0:00:30]} 9. Bg2 {[%emt 0:00:30]} Nc5 {[%emt 0:02:30]} 10. b3 {[%emt 0:00:30]} exd5 {[%emt 0:00:30]} 11. cxd5 {[%emt 0:04:30]} b6 {[%emt 0:00:00]} 12. O-O {[%emt 0:06:30]} Ba6 {[%emt 0:00:00]} 13. Qc2 {[%emt 0:09:30]} Bd3 {[%emt 0:09:30]} 14. Qd1 {[%emt 0:07:30]} Ba6 {[%emt 0:33:30]} 15. Bb2 {[%emt 0:18:30]} Nd3 {[%emt 0:04:30]} 16. Qc2 {[%emt 0:03:30]} Nxb2 {[%emt 0:18:30]} 17. Qxb2 {[%emt 0:00:00]} g6 {[%emt 0:06:30]} 18. Rfd1 {[%emt 0:06:00]} Bxe2 {[%emt 0:05:20]} 19. Qxe2 {[%emt 0:02:30]} Bc5 {[%emt 0:03:00]} 20. Qc4 {[%emt 0:05:30]} Bd6 {[%emt 0:02:08]} 21. Nb5 {[%emt 0:15:25]} Qe7 {[%emt 0:00:27]} 22. Rab1 {[%emt 0:08:16]} Rac8 {[%emt 0:00:44]} 23. b4 {[%emt 0:01:05]} axb4 {[%emt 0:01:15]} 24. axb4 {[%emt 0:00:02]} Ra8 {[%emt 0:07:26]} 25. Rdc1 {[%emt 0:05:09]} Rec8 {[%emt 0:00:26]} 26. h3 {[%emt 0:02:13]} h5 {[%emt 0:00:23]} 27. Rc2 {[%emt 0:02:44]} Ra4 {[%emt 0:01:52]} 28. Nxd6 {[%emt 0:00:54]} Qxd6 {[%emt 0:00:04]} 29. Qd4 {[%emt 0:00:55]} Re8 {[%emt 0:01:19]} 30. Qc4 {[%emt 0:01:16]} Ra7 {[%emt 0:02:02]} 31. Rbc1 {[%emt 0:00:23]} Ra4 {[%emt 0:00:53]} 32. Rb1 {[%emt 0:00:27]} Ra7 {[%emt 0:00:02]} 33. Qd4 {[%emt 0:00:20]} Ra4 {[%emt 0:00:59]} 34. Rd2 {[%emt 0:01:07]} Ra3 {[%emt 0:00:33]} 35. Rc2 {[%emt 0:00:36]} Ra4 {[%emt 0:00:22]} 36. Rc4 {[%emt 0:00:15]} Rea8 {[%emt 0:00:41]} 37. e4 {[%emt 0:00:29]} Re8 {[%emt 0:00:28]} 38. f4 {[%emt 0:00:08]} c5 {[%emt 0:00:22]} 39. dxc6 {[%emt 0:01:00]} Qxd4+ {[%emt 0:00:05]} 40. Rxd4 {[%emt 0:00:02]} dxc6 {[%emt 0:00:03]} 41. e5 {[%emt 0:00:33]} Nd5 {[%emt 0:01:26]} 42. Bxd5 {[%emt 0:00:36]} cxd5 {[%emt 0:00:09]} 43. Rxd5 {[%emt 0:00:12]} Rc8 {[%emt 0:00:11]} 44. Rd2 {[%emt 0:00:50]} Rc3 {[%emt 0:00:54]} 45. Kh2 {[%emt 0:00:42]} Raa3 {[%emt 0:00:15]} 46. Rg2 {[%emt 0:00:18]} h4 {[%emt 0:00:24]} 47. gxh4 {[%emt 0:00:26]} Rxh3+ {[%emt 0:00:03]} 48. Kg1 {[%emt 0:00:02]} Rxh4 {[%emt 0:00:04]} 49. e6 {[%emt 0:01:16]} fxe6 {[%emt 0:00:12]} 50. Rxg6+ {[%emt 0:00:24]} Kf7 {[%emt 0:00:03]} 51. f5 {[%emt 0:00:48]} Rah3 {[%emt 0:00:37]} 52. Kg2 {[%emt 0:00:29]} Rh2+ {[%emt 0:00:08]} 53. Kg3 {[%emt 0:00:33]} exf5 {[%emt 0:00:21]} 54. Rxb6 {[%emt 0:00:20]} R2h3+ {[%emt 0:03:02]} 55. Kg2 {[%emt 0:00:09]} Rh2+ {[%emt 0:00:02]} 56. Kg3 {[%emt 0:00:01]} R2h3+ {[%emt 0:01:07]} 57. Kg2 {[%emt 0:00:01]} Rh2+ {[%emt 0:00:34]} 1/2-1/2

[Event "WGM Cvijet Mediterana 2019"]
[Site "Rijeka"]
[Date "2019.03.08"]
[Round "8.4"]
[White "Vujnovic, Patricija"]
[Black "Rakhmangulova, Anastasiya"]
[Result "0-1"]
[WhiteElo "2056"]
[BlackElo "2235"]
[Annotator "RC"]
[PlyCount "114"]
[EventDate "2019.03.03"]
[EventType "tourn"]
[EventCountry "CRO"]
[SourceTitle "playchess.com"]
[Source "ChessBase"]
[SourceQuality "1"]
[TimeControl "5400+30"]

1. d4 {[%emt 0:15:30]} Nf6 {[%emt 0:00:30]} 2. c4 {[%emt 0:00:30]} c5 {[%emt 0:00:00]} 3. d5 {[%emt 0:00:30]} b5 {[%emt 0:00:00]} 4. Nd2 {[%emt 0:00:30]} bxc4 {[%emt 0:05:30]} 5. e4 {[%emt 0:04:30]} c3 {[%emt 0:00:30]} 6. bxc3 {[%emt 0:00:30]} d6 {[%emt 0:00:00]} 7. Bd3 {[%emt 0:00:30]} g6 {[%emt 0:00:00]} 8. Ne2 {[%emt 0:01:30]} Bg7 {[%emt 0:00:30]} 9. O-O {[%emt 0:00:00]} O-O {[%emt 0:00:30]} 10. Rb1 {[%emt 0:01:00]} Nfd7 {[%emt 0:02:30]} 11. f4 {[%emt 0:00:30]} Nb6 {[%emt 0:05:30]} 12. a4 {[%emt 0:01:30]} a5 {[%emt 0:11:30]} 13. Qb3 {[%emt 0:01:30]} N8d7 {[%emt 0:02:30]} 14. Bb5 {[%emt 0:00:30]} c4 {[%emt 0:10:30]} 15. Nxc4 {[%emt 0:00:30]} Nc5 {[%emt 0:00:30]} 16. Qc2 {[%emt 0:00:30]} Nxc4 {[%emt 0:00:30]} 17. Bxc4 {[%emt 0:00:00]} Nxe4 {[%emt 0:01:30]} 18. Be3 {[%emt 0:02:00]} Qc7 {[%emt 0:02:30]} 19. Bb5 {[%emt 0:01:30]} Bf5 {[%emt 0:05:30]} 20. Bd3 {[%emt 0:05:30]} Nxc3 {[%emt 0:02:30]} 21. Bxf5 {[%emt 0:00:30]} Nxe2+ {[%emt 0:00:00]} 22. Qxe2 {[%emt 0:00:30]} gxf5 {[%emt 0:00:00]} 23. Qd3 {[%emt 0:05:30]} Qd7 {[%emt 0:01:30]} 24. Bd4 {[%emt 0:01:30]} Qxa4 {[%emt 0:04:30]} 25. Bxg7 {[%emt 0:01:30]} Kxg7 {[%emt 0:00:30]} 26. Rf3 {[%emt 0:10:30]} Qe4 {[%emt 0:09:30]} 27. Qc3+ {[%emt 0:08:30]} f6 {[%emt 0:01:30]} 28. Re1 {[%emt 0:05:30]} Qxd5 {[%emt 0:00:30]} 29. Rxe7+ {[%emt 0:01:30]} Rf7 {[%emt 0:02:30]} 30. Rg3+ {[%emt 0:06:30]} Kf8 {[%emt 0:08:30]} 31. Rxf7+ {[%emt 0:00:30]} Qxf7 {[%emt 0:00:00]} 32. Qc6 {[%emt 0:00:30]} Qa7+ {[%emt 0:01:00]} 33. Kh1 {[%emt 0:00:30]} Re8 {[%emt 0:05:26]} 34. Qxd6+ {[%emt 0:02:30]} Qe7 {[%emt 0:00:08]} 35. Qxe7+ {[%emt 0:01:30]} Kxe7 {[%emt 0:00:05]} 36. Kg1 {[%emt 0:04:08]} Kd6 {[%emt 0:00:28]} 37. Kf2 {[%emt 0:02:22]} Kc5 {[%emt 0:01:26]} 38. Rg7 {[%emt 0:00:27]} Ra8 {[%emt 0:00:06]} 39. Ke3 {[%emt 0:06:04]} a4 {[%emt 0:01:41]} 40. Rc7+ {[%emt 0:00:12]} Kb6 {[%emt 0:01:01]} 41. Rc1 {[%emt 0:00:23]} a3 {[%emt 0:01:37]} 42. Kd4 {[%emt 0:00:25]} a2 {[%emt 0:01:07]} 43. Ra1 {[%emt 0:00:10]} Kb5 {[%emt 0:00:07]} 44. Kc3 {[%emt 0:00:34]} Ra3+ {[%emt 0:04:32]} 45. Kb2 {[%emt 0:00:05]} Kb4 {[%emt 0:00:04]} 46. Rxa2 {[%emt 0:03:37]} Rxa2+ {[%emt 0:00:05]} 47. Kxa2 {[%emt 0:00:02]} Kc3 {[%emt 0:00:05]} 48. Ka3 {[%emt 0:00:03]} h5 {[%emt 0:00:49]} 49. Ka4 {[%emt 0:01:52]} Kd4 {[%emt 0:06:48]} 50. Kb4 {[%emt 0:00:04]} Ke3 {[%emt 0:00:27]} 51. Kc4 {[%emt 0:00:25]} Kf2 {[%emt 0:03:17]} 52. Kd5 {[%emt 0:03:43]} Kxg2 {[%emt 0:00:09]} 53. Ke6 {[%emt 0:00:16]} Kxh2 {[%emt 0:01:04]} 54. Kxf5 {[%emt 0:00:59]} Kg3 {[%emt 0:00:07]} 55. Kg6 {[%emt 0:00:13]} Kxf4 {[%emt 0:00:25]} 56. Kxh5 {[%emt 0:00:07]} f5 {[%emt 0:00:06]} 57. Kh4 {[%emt 0:00:14]} Kf3 {[%emt 0:00:15]} 0-1

[Event "WGM Cvijet Mediterana 2019"]
[Site "Rijeka"]
[Date "2019.03.08"]
[Round "8.5"]
[White "Miladinovic, Lena"]
[Black "Zimina, Olga"]
[Result "0-1"]
[WhiteElo "2140"]
[BlackElo "2387"]
[Annotator "RC"]
[PlyCount "74"]
[EventDate "2019.03.03"]
[EventType "tourn"]
[EventCountry "CRO"]
[SourceTitle "playchess.com"]
[Source "ChessBase"]
[SourceQuality "1"]
[TimeControl "5400+30"]

1. c4 {[%emt 0:00:30]} e5 {[%emt 0:08:30]} 2. a3 {[%emt 0:00:00]} Nf6 {[%emt 0:00:30]} 3. e3 {[%emt 0:00:00]} c6 {[%emt 0:00:00]} 4. Nc3 {[%emt 0:00:30]} d5 {[%emt 0:00:00]} 5. d4 {[%emt 0:00:30]} exd4 {[%emt 0:04:30]} 6. exd4 {[%emt 0:00:00]} Be7 {[%emt 0:00:00]} 7. Nf3 {[%emt 0:01:00]} O-O {[%emt 0:00:00]} 8. Bd3 {[%emt 0:00:30]} dxc4 {[%emt 0:00:30]} 9. Bxc4 {[%emt 0:00:30]} Nbd7 {[%emt 0:00:00]} 10. O-O {[%emt 0:02:30]} Nb6 {[%emt 0:01:00]} 11. Ba2 {[%emt 0:01:30]} Bg4 {[%emt 0:00:30]} 12. Re1 {[%emt 0:02:30]} Bh5 {[%emt 0:03:30]} 13. Bf4 {[%emt 0:04:30]} Re8 {[%emt 0:00:30]} 14. Be5 {[%emt 0:05:30]} Bd6 {[%emt 0:07:30]} 15. Qd3 {[%emt 0:04:30]} Bg6 {[%emt 0:07:30]} 16. Qd2 {[%emt 0:02:30]} Bxe5 {[%emt 0:13:30]} 17. Nxe5 {[%emt 0:01:30]} Qd6 {[%emt 0:00:30]} 18. Qf4 {[%emt 0:14:30]} Nbd5 {[%emt 0:07:30]} 19. Qf3 {[%emt 0:08:30]} Rad8 {[%emt 0:03:30]} 20. h3 {[%emt 0:04:30]} Qe6 {[%emt 0:15:30]} 21. Kh2 {[%emt 0:11:30]} Qd6 {[%emt 0:03:30]} 22. Kg1 {[%emt 0:01:30]} Qe6 {[%emt 0:00:30]} 23. Kh2 {[%emt 0:00:30]} Qd6 {[%emt 0:06:31]} 24. Kg1 {[%emt 0:00:30]} Qf8 {[%emt 0:01:59]} 25. Bb3 {[%emt 0:03:30]} Rd6 {[%emt 0:01:54]} 26. Rac1 {[%emt 0:04:30]} Nc7 {[%emt 0:00:40]} 27. Qg3 {[%emt 0:03:30]} Ne6 {[%emt 0:03:29]} 28. Ba2 {[%emt 0:12:23]} Nh5 {[%emt 0:05:44]} 29. Nxg6 {[%emt 0:04:22]} hxg6 {[%emt 0:00:10]} 30. Qe5 {[%emt 0:01:58]} Nhf4 {[%emt 0:00:33]} 31. Rcd1 {[%emt 0:01:33]} Red8 {[%emt 0:04:06]} 32. Re4 {[%emt 0:00:40]} g5 {[%emt 0:00:40]} 33. Kh2 {[%emt 0:02:58]} Ng6 {[%emt 0:00:33]} 34. Qf5 {[%emt 0:00:44]} Ne7 {[%emt 0:00:46]} 35. Bxe6 {[%emt 0:00:48]} Nxf5 {[%emt 0:00:07]} 36. Bxf5 {[%emt 0:00:03]} g6 {[%emt 0:00:06]} 37. Bg4 {[%emt 0:00:12]} f5 {[%emt 0:00:09]} 0-1

[Event "WGM Cvijet Mediterana 2019"]
[Site "Rijeka"]
[Date "2019.03.09"]
[Round "9.2"]
[White "Rakhmangulova, Anastasiya"]
[Black "Miladinovic, Lena"]
[Result "1-0"]
[WhiteElo "2235"]
[BlackElo "2140"]
[Annotator "NA"]
[PlyCount "77"]
[EventDate "2019.03.03"]
[EventType "tourn"]
[EventCountry "CRO"]
[SourceTitle "playchess.com"]
[Source "ChessBase"]
[SourceQuality "1"]
[TimeControl "5400+30"]

1. Nf3 {[%emt 0:01:30]} c5 {[%emt 0:00:30]} 2. b3 {[%emt 0:00:30]} Nc6 {[%emt 0:00:00]} 3. e3 {[%emt 0:00:30]} a6 {[%emt 0:01:00]} 4. Bb2 {[%emt 0:01:30]} Nf6 {[%emt 0:01:30]} 5. c4 {[%emt 0:01:30]} e6 {[%emt 0:03:30]} 6. Be2 {[%emt 0:01:30]} d5 {[%emt 0:02:30]} 7. O-O {[%emt 0:00:30]} Bd6 {[%emt 0:01:30]} 8. d4 {[%emt 0:00:30]} cxd4 {[%emt 0:00:30]} 9. cxd5 {[%emt 0:02:30]} exd5 {[%emt 0:01:30]} 10. Nxd4 {[%emt 0:00:30]} O-O {[%emt 0:00:30]} 11. Nd2 {[%emt 0:04:30]} Re8 {[%emt 0:03:30]} 12. N2f3 {[%emt 0:08:30]} Bd7 {[%emt 0:02:30]} 13. Rc1 {[%emt 0:04:30]} Qe7 {[%emt 0:02:30]} 14. Nxc6 $11 {[%emt 0:09:30]} bxc6 {[%emt 0:00:30]} 15. Qd4 {[%emt 0:00:30]} Qf8 {[%emt 0:16:30]} 16. Bd3 {[%emt 0:12:30]} Ne4 {[%emt 0:03:30]} 17. Bxe4 {[%emt 0:05:30]} Rxe4 {[%emt 0:04:30]} 18. Qd3 {[%emt 0:00:30]} Qe7 {[%emt 0:04:30]} 19. g3 {[%emt 0:02:30]} h5 {[%emt 0:09:30]} 20. Nd4 {[%emt 0:06:30]} c5 {[%emt 0:08:30]} 21. Nf5 {[%emt 0:00:30]} Bxf5 {[%emt 0:05:30]} 22. Qxd5 {[%emt 0:00:30]} Bh3 {[%emt 0:03:30]} 23. Qxa8+ {[%emt 0:02:30]} Kh7 {[%emt 0:00:30]} 24. Qd5 {[%emt 0:09:30]} h4 {[%emt 0:02:30]} 25. Rfd1 {[%emt 0:03:30]} Re6 {[%emt 0:02:15]} 26. Rc4 {[%emt 0:01:06]} hxg3 {[%emt 0:03:42]} 27. hxg3 {[%emt 0:00:23]} g5 {[%emt 0:07:40]} 28. b4 {[%emt 0:08:54]} Bxg3 {[%emt 0:08:17]} 29. Qd3+ {[%emt 0:00:05]} f5 {[%emt 0:01:01]} 30. fxg3 {[%emt 0:05:44]} Rxe3 {[%emt 0:00:17]} 31. Qd7 {[%emt 0:00:11]} Re1+ {[%emt 0:00:08]} 32. Kh2 {[%emt 0:00:13]} Re2+ {[%emt 0:00:03]} 33. Kxh3 {[%emt 0:01:05]} g4+ {[%emt 0:00:08]} 34. Rxg4 {[%emt 0:00:04]} fxg4+ {[%emt 0:00:11]} 35. Kxg4 {[%emt 0:03:27]} Re4+ {[%emt 0:00:56]} 36. Kh3 {[%emt 0:00:17]} cxb4 {[%emt 0:00:24]} 37. Qf5+ {[%emt 0:00:40]} Kg8 {[%emt 0:01:06]} 38. Qg6+ {[%emt 0:00:08]} Kf8 {[%emt 0:00:09]} 39. Rf1+ {[%emt 0:00:05]} 1-0